000 01534cam a22003494i 4500
003 PE-LiUPU
005 20251203172323.0
008 150616s r 000 0 d
035 _a(Sirsi) a3056
040 _aPE-LiUPU
_bspa
_cPE-LiUPU
_erda
049 _aPRUA
082 0 4 _a869.5611
_bA694c
_223
100 1 _aArguedas, José María,
_d1911-1969.
_eautor.
245 1 0 _aCanto kechwa; con un ensayo sobre la capacidad de creación artística del pueblo indio y mestizo /
_cJosé María Arguedas.
264 1 _aLima :
_bEditorial Horizonte,
_c1989.
300 _a73 páginas :
_bilustraciones ;
_c20 cm
336 _atext
_2rdacontent
337 _aunmediated
_2rdamedia
338 _avolume
_2rdacarrier
505 0 _aDile que he llorado -- Cilili, hermosa flor -- He prendido fuego -- Que no encuentre ni el rocío -- Halcón de las alturas -- El ischu está llorando -- Carnaval taki -- A flor morada -- El agua negra -- Llorabas solo, patito -- Tormenta de nieve -- En este oscurecer -- Para ser errante -- Como dos pallomas -- Volando por el alto -- Un picaflor la desangró -- Sin nadie, sin nadie -- La arena del rocío -- Raki-raki -- El agua dulce -- Qué dolor soñará.
526 _aP158
526 _aP146
526 _aP17
526 _aP12
526 _aP06
650 1 4 _aPoesías peruanas
_ySiglo XX.
_9872
650 2 4 _aPoesías quechuas
_zPerú.
910 _ajck
942 _2ddc
_cBK
980 _818226
_gJaime Vilcazán Jefe de Análisis Documental
999 _c38017
_d38017